| 000 | 00579nac a22001691u 4500 | ||
|---|---|---|---|
| 020 | _a0745627625 | ||
| 082 |
_a341.26 _bTHO |
||
| 090 |
_c9225 _d9225 |
||
| 100 | _aThompson, Simon | ||
| 245 |
_aThe political theory of recognition : _ba critical introduction / _c Simon Thompson |
||
| 260 |
_aCambridge : _b Polity, 2006 _c2006 |
||
| 300 |
_avii, 211 p. ; _c 24 cm. |
||
| 504 | _aIncludes bibliographical references and index | ||
| 511 | _acatalogued by: wessam | ||
| 650 | _aRecognition (International law) | ||
| 942 |
_cBB _k341.26THO |
||
| 999 |
_c9225 _d9225 |
||